| 000 | 00560cam a2200193 4500 | ||
|---|---|---|---|
| 001 | D7214 | ||
| 008 | 090401t1985 xxu||||| |||| 00| 0 eng d | ||
| 035 | _a(Sirsi) u94269 | ||
| 041 | _aeng | ||
| 050 | _a346.4104344 | ||
| 100 | _aMorgan, Paul | ||
| 245 | 4 | _aThe principles on which costs are awarded in rent review arbitrations and in disputes as to rent under the Landlord and Tenant Act 1954 part II | |
| 260 | _c1985 | ||
| 350 | _a0 | ||
| 520 | _aIn Blundell memorial lectures 1985 | ||
| 700 | _aPlumbe, Graham | ||
| 942 | _n0 | ||
| 948 | _c04/03/1997 | ||
| 999 |
_c97961 _d97961 |
||